Normal view
MARC view
- Araújo de Vanegas, Ana María
Entry Nombre Personal
001 - NUMERO DE CONTROL
- campo de control: 31209
003 - IDENTIFICADOR DE NUMERO DE CONTROL
- campo de control: UPN
005 - FECHA Y HORA DE LA ÜLTIMA TRANSACCIÓN
- campo de control: 20210219194421.0
008 - DATOS DE LONGITUD FIJA
- campo de control de longitud fija: nabaccnnaabn|||||||||| b |nc|||||d
035 ## - NUMERO DE CONTROL
- Número de control: UPN11000003315
040 ## - FUENTE DE CATALOGACIÓN
- Lenguaje de catalogación: SPA
- Agencia de transcripción: UPN
100 1# - ENCABEZAMIENTO - NOMBRE PERSONAL
- Nombre personal: Araújo de Vanegas, Ana María
670 ## - FUENTE EN LA QUE SE LOCALIZARON DATOS
- Cita de la fuente: T
- Uniform Resource Identifier: http://personaybioetica.unisabana.edu.co/index.php/personaybioetica/article/view/907/2246
680 ## - NOTA PUBLICA DE ACCESO PÚBLICO
- Frase explicativa de la referencia: Colombiana con doctorado en filosofía y especializada en educación y asesoría familiar
902 ## - CATALOGADOR
- Catalogador: CAA/160811
